Hormonal balance : understanding hormones,weight,and your metabolism

Bibliographic Details
Main Author: Isaacs,Scott
Format: Book
Published: Colorado : Bull Publishing Company , 2007
Subjects:

MARC

LEADER 00000cam a2200000 7i4500
001 0000014676
005 20080305.0
008 080305
020 |a 1933503041 
090 0 0 |a 612.405   |b ISA 
100 0 |a Isaacs,Scott 
245 1 0 |a Hormonal balance :   |b understanding hormones,weight,and your metabolism   |c Scott Isaacs 
260 |a Colorado :   |b Bull Publishing Company ,   |c 2007 
650 0 |a Endocrine glands   |x Diseases   |x Popular works 
650 0 |a Hormones   |x popular works 
650 0 |a Metabolism   |x Popular works 
650 0 |a Weight loss   |x Endocrine aspects   |x popular works 
999 |a 0001015235   |b Book   |c Adult Collection   |e Perbadanan Perpustakaan Awam Johor